<?xml version="1.0" encoding="UTF-8"?>
<collection xmlns:xsi="http://www.w3.org/2001/XMLSchema-instance" xsi:schemaLocation="http://www.loc.gov/MARC21/slim http://www.loc.gov/standards/marcxml/schema/MARC21slim.xsd" xmlns="http://www.loc.gov/MARC21/slim">
 <record>
  <leader>00000ctm a22000004a 4500</leader>
  <controlfield tag="001">UP-99796217611405723</controlfield>
  <controlfield tag="003">Buklod</controlfield>
  <controlfield tag="005">20140912131633.0</controlfield>
  <controlfield tag="006">m    |o  d |      </controlfield>
  <controlfield tag="007">ta</controlfield>
  <controlfield tag="008">140912s2014    xx     d     r    |||| u|</controlfield>
  <datafield tag="035" ind1=" " ind2=" ">
   <subfield code="a">(iLib)UPD-00227808454</subfield>
  </datafield>
  <datafield tag="040" ind1=" " ind2=" ">
   <subfield code="a">DMC</subfield>
   <subfield code="e">rda</subfield>
  </datafield>
  <datafield tag="041" ind1=" " ind2=" ">
   <subfield code="a">eng</subfield>
   <subfield code="a">fil</subfield>
  </datafield>
  <datafield tag="042" ind1=" " ind2=" ">
   <subfield code="a">DMLUC</subfield>
  </datafield>
  <datafield tag="090" ind1=" " ind2=" ">
   <subfield code="a">LG 995 2014 M3</subfield>
   <subfield code="b">D48</subfield>
  </datafield>
  <datafield tag="100" ind1="1" ind2=" ">
   <subfield code="a">De Vera, Marianne Johanna</subfield>
   <subfield code="e">author.</subfield>
  </datafield>
  <datafield tag="245" ind1="1" ind2="4">
   <subfield code="a">&quot;Mga bagong b(iy) ayani ng bayan&quot;</subfield>
   <subfield code="b">the reception of the portrayals of TFC's Adobo Nation by selected Filipino migrants in the U.S.</subfield>
   <subfield code="c">by Marianne Johanna Ferrer De Vera ; Lourdes M. Portus, adviser.</subfield>
  </datafield>
  <datafield tag="264" ind1=" " ind2="1">
   <subfield code="a">Quezon City</subfield>
   <subfield code="b">College of Mass Communication, University of the Philippines Diliman</subfield>
   <subfield code="c">2014</subfield>
  </datafield>
  <datafield tag="300" ind1=" " ind2=" ">
   <subfield code="a">xii, 235 leaves</subfield>
   <subfield code="b">illustrations</subfield>
   <subfield code="c">28 cm</subfield>
  </datafield>
  <datafield tag="336" ind1=" " ind2=" ">
   <subfield code="a">text</subfield>
   <subfield code="2">rdacontent</subfield>
  </datafield>
  <datafield tag="337" ind1=" " ind2=" ">
   <subfield code="a">unmediated</subfield>
   <subfield code="2">rdamedia</subfield>
  </datafield>
  <datafield tag="338" ind1=" " ind2=" ">
   <subfield code="a">volume</subfield>
   <subfield code="2">rdacarrier</subfield>
  </datafield>
  <datafield tag="500" ind1=" " ind2=" ">
   <subfield code="a">Vita.</subfield>
  </datafield>
  <datafield tag="502" ind1=" " ind2=" ">
   <subfield code="a">Thesis (M.A. Communication Research)--University of the Philippines Diliman</subfield>
   <subfield code="d">April 2014</subfield>
  </datafield>
  <datafield tag="506" ind1=" " ind2=" ">
   <subfield code="a">Available to the general public.</subfield>
  </datafield>
  <datafield tag="520" ind1="3" ind2=" ">
   <subfield code="a">&quot;These days, the sight of overseas Filipinos, especially migrants in every region of the world, is already commonplace. Almost nine million Filipinos or 10% of the population (currently numbered at approximately 10,455,788) are located outside the country, with the figures expected to go up in the coming years (data as 2011 culled from http://www.cfo.gov.ph/pdf/statistics and Tharoor, 2010, p.23). Like Filipinos in the Philippines, this steadily growing population of Filipinos overseas face the same problems - physical, psychological and spiritual. The difference lies in the physical distance between these Filipino migrants in their second homes and their families in the Philippines who can possibly provide physical and emotional support during times of need. Given this reality, this study title &quot;B(iy)ayani ng Bayan&quot; studied one of ABS-CBN The Filipino Channel's (TFC) exclusive programs &quot;adobo NATION&quot; and its portrayals of the biggest population of Filipinos outside the Philippines (http://www.poea.gov.ph/html/statistics.html). Specifically, this thesis explored how &quot;adobo NATION&quot;, as a product of transnationalized television (broadcast networks that purposively traverses geographical territories, utiizing satellite technology to deliver information and entertainment content [Thomas, 2006, p.244], portrayed overseas Filipinos. This study focused on TFC given the program's high viewership and production values (TFC Internet Protoco; Television [IPTV] Hits as of 2012), and the author's connections as an employee of ABS-CBN Global (mother company of ABS-CBN TFC). Using multi-methods (content analysis, focus and email interviews), this research revealed what representations of Filipino migrants &quot;adobo NATION&quot; has presented; what trends these portrayals have formed, how cloes they were to real-life situations; and how Filipinos overseas perceived these representtions within the program. Results of the study showed that some Filipino migrants are seen and portrayed as economic successes and sources of financial support or &quot;bayani&quot; and &quot;biyaya (blessings) ng bayan&quot;. However, majority of the informants say that &quot;adobo NATION's&quot; dominant portrayals are of overseas Filipinos as achievers who bring prode to the entire Filipino community, consistent with the thesis' over-all concept of Filipinos as blessings.&quot;</subfield>
  </datafield>
  <datafield tag="650" ind1=" " ind2="0">
   <subfield code="a">Filipino migrants</subfield>
   <subfield code="z">United States.</subfield>
  </datafield>
  <datafield tag="650" ind1=" " ind2="0">
   <subfield code="a">Immigration</subfield>
   <subfield code="z">United States.</subfield>
  </datafield>
  <datafield tag="650" ind1=" " ind2="0">
   <subfield code="a">Adobo Nation (Television program).</subfield>
  </datafield>
  <datafield tag="700" ind1="1" ind2=" ">
   <subfield code="a">Portus, Lourdes M.</subfield>
   <subfield code="e">adviser.</subfield>
  </datafield>
  <datafield tag="905" ind1=" " ind2=" ">
   <subfield code="a">FI</subfield>
  </datafield>
  <datafield tag="905" ind1=" " ind2=" ">
   <subfield code="a">UP</subfield>
  </datafield>
  <datafield tag="852" ind1="0" ind2=" ">
   <subfield code="a">UPD</subfield>
   <subfield code="b">DARCHIVES</subfield>
   <subfield code="h">LG 995 2014 M3</subfield>
   <subfield code="i">D48</subfield>
  </datafield>
  <datafield tag="852" ind1="0" ind2=" ">
   <subfield code="a">UPD</subfield>
   <subfield code="b">DMC</subfield>
   <subfield code="h">LG 995 2014 M3</subfield>
   <subfield code="i">D48</subfield>
  </datafield>
  <datafield tag="942" ind1=" " ind2=" ">
   <subfield code="a">Thesis</subfield>
  </datafield>
 </record>
</collection>
